000 00516nam a2200181Ia 4500
008 090124s9999 xx 000 0 und d
082 _b128603
100 _aतिबिले अनंत.
245 _a खुनाचे रहस्य
250 _a1
260 _c1998
300 _a182
600 _aतिबिले अनंत.
630 _a खुनाचे रहस्य
700 _aतिबिले अनंत.
730 _a खुनाचे रहस्य
942 _cBOOK
999 _c174692
_d174692